La casa de los espíritus

Сохранить в:
Библиографические подробности
Главный автор: Allende, Isabel, 1942- (autora)
Формат:
Язык:испанский
Опубликовано: Buenos Aires Sudamericana 1992
Редактирование:21a. ed
Серии:Autores Chilenos en Sudamérica
Предметы:
Метки: Добавить метку
Нет меток, Требуется 1-ая метка записи!

MARC

LEADER 00000nam a2200000 a 4500
001 UCX5934
003 CL-VaPUC
008 930312e19920000AG |||||||||||||||||spa|d
020 |a 9500702916 
082 0 4 |a Ch863  |b ALL  |2 21 
100 |a Allende, Isabel,  |d 1942-  |e autora  |9 318389 
245 1 3 |a La casa de los espíritus 
250 |a 21a. ed 
300 |a 363 p 
942 |c BK 
945 |d 19930312 00:00:00  |a rbrito 
260 |a Buenos Aires  |b Sudamericana  |c 1992 
650 0 |a Novelas chilenas   |9 265425 
583 |a last modification  |c 19930312 00:00:00  |k Rodrigo Vera 
490 0 |a Autores Chilenos en Sudamérica 
999 |c 226051  |d 226049 
952 |0 0  |1 0  |4 0  |6 CH_863_000000000000000_ALL_1992  |7 0  |8 A  |9 224098  |a BIBCUR  |b BIBCUR  |d 2019-11-15  |i 3053679  |o Ch863 ALL 1992  |p 3053679  |r 2025-04-22  |w 2019-11-15  |y BK  |k PER